[Event "45th FIDE Chess Olympiad - Women's Sect"]
[Site "Budapest, Hungary"]
[Date "2024.09.12"]
[Round "2.68"]
[White "Trajkovska, Sanja"]
[Black "Kazarian, Anna-Maja"]
[Result "0-1"]
[WhiteElo "1920"]
[BlackElo "2180"]
[PlyCount "86"]
[EventDate "2024.??.??"]
[WhiteTeam "North Macedonia"]
[BlackTeam "Netherlands"]
[BlackTeamCountry "NED"]
[WhiteClock "0:17:37"]
[BlackClock "0:27:55"]

1. e4 e6 2. d4 d5 3. exd5 exd5 4. Bf4 Bd6 5. Qd2 Bf5 6. Bxd6 Qxd6 7. Nc3 c6 8. O-O-O Ne7 9. f3 $146 ({RR} 9. Qg5 Qg6 {½-½ (9) Diepenbrock,T (1825)-Vestrick,F (1591) Germany 2012}) ({RR} 9. Re1 O-O 10. f3 b5 11. g4 Bd7 12. Bd3 a5 13. h4 Na6 14. Nh3 Nb4 15. Kb1 Nxd3 16. Qxd3 Ng6 17. h5 Nf4 18. Nxf4 Qxf4 19. Ne2 Qd6 20. Reg1 Rfe8 21. g5 Qe6 22. Nc1 Qf5 23. Rg2 a4 {Pospisil,P (1987)-Vlcek,P (1988) Czech Republic 2007 0-1 (43)}) 9... Nd7 10. Nge2 b5 11. Qf4 Qg6 12. Rd2 b4 13. Nd1 h5 14. Nf2 a5 15. g4 hxg4 16. fxg4 Be6 17. Qg3 Qh6 18. h4 g6 19. Nf4 a4 20. Nxe6 fxe6 21. g5 Nf5 22. Qc7 Qg7 23. Qxc6 Ke7 24. Bb5 Ra7 25. Re1 a3 26. Qxe6+ Kd8 27. Qxd5 Rxh4 28. Ne4 Qe7 29. Qg8+ Kc7 30. Qc4+ Kb8 31. Rde2 Rc7 32. Qg8+ Rc8 33. Qd5 Nb6 34. Qe5+ Qxe5 35. dxe5 Nd4 36. Nd6 Nxe2+ 37. Bxe2 Rc5 38. Bd3 Nd5 39. bxa3 Nf4 40. Kd2 Rh2+ 41. Kd1 Nxd3 42. cxd3 Rcc2 43. Re4 Rxa2 0-1

[Event "45th FIDE Chess Olympiad - Women's Sect"]
[Site "Budapest, Hungary"]
[Date "2024.09.12"]
[Round "2.69"]
[White "Dornbusch, Tatiana"]
[Black "Munkhzul, Turmunkh"]
[Result "1-0"]
[WhiteElo "2212"]
[BlackElo "2256"]
[PlyCount "157"]
[EventDate "2024.??.??"]
[WhiteTeam "Monaco"]
[BlackTeam "Mongolia"]
[WhiteTeamCountry "MNC"]
[BlackTeamCountry "MGL"]
[WhiteClock "0:03:46"]
[BlackClock "0:02:58"]

1. d4 Nf6 2. Nf3 d5 3. c4 e6 4. g3 Be7 5. Bg2 O-O 6. O-O dxc4 7. Qc2 a6 8. Qxc4 b5 9. Qc2 Bb7 10. Bf4 Nc6 11. Nbd2 Nd5 12. Nb3 Nxf4 ({RR} 12... Ncb4 13. Qd2 Nxf4 14. gxf4 Bd5 15. a3 Nc6 16. Qc2 Rc8 17. Rfd1 f5 18. Nc5 Rf6 19. Qc3 Rg6 20. Kh1 Bd6 21. Nd3 Rxg2 22. Kxg2 Qh4 23. Kf1 Qh3+ 24. Ke1 Ne7 25. Nde5 c5 26. Rac1 Qg2 27. dxc5 {Smirnov,P (2483)-Lysyj,I (2589) Chelyabinsk RUS 2024 0-1 (52)}) 13. gxf4 Nb4 14. Qc3 Nd5 $146 ({RR} 14... Be4 15. a3 Nd5 16. Qd2 Bd6 17. e3 f5 18. Ne1 Qh4 19. Bxe4 fxe4 20. f3 Qh3 21. fxe4 Nxe3 22. Rf3 Qg4+ {0-1 (22) Bouwmeester,H (2420)-Speelman,J (2490) Berlin West 1980}) ({RR} 14... Be4 15. a3 Nd5 16. Qc1 Bd6 17. e3 Bxf3 18. Bxf3 Qh4 19. Re1 Rad8 20. Bg2 g5 21. fxg5 Bxh2+ 22. Kf1 Qxg5 23. Nc5 Qg6 24. Qb1 f5 25. Bf3 e5 26. dxe5 Qb6 27. Nd3 c5 28. Ke2 c4 29. Nb4 {Lanzani,M (2330)-Martorelli,A (2255) Formia 1995 0-1 (44)}) ({RR} 14... Bd6 15. e3 Be4 16. Nc5 Nd5 17. Qc1 Bxf3 18. Bxf3 Qh4 19. Ne4 g5 20. Nxd6 cxd6 21. Qc6 Rac8 22. Qxd6 gxf4 23. Kh1 Ne7 24. d5 Rfd8 25. Qxa6 Rc2 26. Qb6 Nf5 27. dxe6 Ng3+ 28. Kg2 Nxf1 29. Rxf1 {Vera Gonzalez Quevedo,R (2455)-Moran,B (2420) Havana 1986 1-0 (31)}) 15. Qc1 Rc8 16. e3 Nf6 17. Rd1 Bd5 18. Qc3 Bd6 19. Rac1 Qe7 20. Ne5 Bxg2 21. Kxg2 Nd5 22. Qc2 f6 23. Nc6 Qe8 24. Qe4 f5 25. Qf3 Rf6 26. Rg1 Rh6 27. Kf1 Nf6 28. h3 Ne4 29. Ke2 Qf7 30. Nd2 Nf6 31. Rg5 Kh8 32. Rcg1 Rg8 33. Qg2 Nd5 34. Qf3 Qd7 35. Rc1 Rf6 36. Rgg1 Rff8 37. a3 a5 38. Nxa5 b4 39. axb4 Qb5+ 40. Nac4 Bxb4 41. Rgd1 Nb6 42. b3 Nd5 43. Nb1 Ra8 44. h4 Nf6 45. Rc2 Bd6 46. Nbd2 Ng4 47. Qh1 Rgd8 48. Ra1 Rxa1 49. Qxa1 Qd5 50. f3 Nf6 51. Qa5 Qxa5 52. Nxa5 Rb8 53. Nc6 Ra8 54. Ne5 Kg8 55. Ndc4 Bf8 56. Nd2 Bd6 57. Nd3 Nd5 58. Nc4 Be7 59. e4 Nf6 60. Nd2 Ne8 61. h5 Ra1 62. Rc6 fxe4 63. fxe4 Rh1 64. Rxe6 Kf7 65. d5 Nf6 66. Ne5+ Kf8 67. Nc6 Bd6 68. h6 Bxf4 69. hxg7+ Kxg7 70. Nf3 h5 71. Ncd4 Kf7 72. Nf5 Ng4 73. Re7+ Kf6 74. Re6+ Kf7 75. e5 h4 76. Re7+ Kf8 77. e6 Ne5 78. Rxc7 Kg8 79. Rg7+ 1-0

[Event "45th FIDE Chess Olympiad - Women's Sect"]
[Site "Budapest, Hungary"]
[Date "2024.09.12"]
[Round "2.71"]
[White "Berezovsky, Fiorina"]
[Black "Khuslen, Erdenebayar"]
[Result "0-1"]
[WhiteElo "1976"]
[BlackElo "2229"]
[PlyCount "88"]
[EventDate "2024.??.??"]
[WhiteTeam "Monaco"]
[BlackTeam "Mongolia"]
[WhiteTeamCountry "MNC"]
[BlackTeamCountry "MGL"]
[WhiteClock "0:25:58"]
[BlackClock "0:32:30"]

1. d4 Nf6 2. Nc3 d5 3. Bf4 g6 4. e3 Bg7 5. h4 h5 6. Nf3 O-O 7. Be2 ({RR} 7. Qd2 c5 8. Ne5 Nc6 9. f3 cxd4 10. exd4 Bf5 11. Bb5 Nxe5 12. dxe5 Nd7 13. Nxd5 Nxe5 14. Bxe5 Bxe5 15. O-O-O e6 16. Rhe1 Bg3 17. Ne3 Qxd2+ 18. Kxd2 Rfd8+ 19. Ke2 Bxe1 20. Rxe1 Rac8 21. Ba4 Rd4 {Bortnyk,O (2605)-Grischuk,A (2745) chess.com INT 2023 0-1 (38)}) 7... c5 8. Nb5 Nc6 ({RR} 8... Na6 9. c3 Bf5 10. Ne5 Nb8 11. dxc5 Nbd7 12. Nd4 Bg4 13. f3 Nxe5 14. Bxe5 Bd7 15. Qb3 Qc8 16. O-O-O Bh6 17. Bf4 Bxf4 18. exf4 Qxc5 19. g4 hxg4 20. fxg4 Nxg4 21. Rhg1 f5 22. Bf3 Kg7 23. h5 {Castillo Coca,M (2043)-Chirilov,J (2082) Charlotte USA 2024 ½-½ (51)}) 9. Nc7 $146 ({RR} 9. dxc5 Bg4 10. c3 Ne4 11. O-O e5 12. Bh2 Nxc5 13. Ng5 Bxe2 14. Qxe2 a6 15. Na3 Qe7 16. Rad1 Rad8 17. Rfe1 Bf6 18. e4 d4 19. cxd4 Nxd4 20. Qe3 b5 21. Rc1 Na4 22. b3 Qxa3 23. bxa4 Qxa4 {Suyarov,M (2299)-Alonso Rosell,A (2561) Almaty KAZ 2022 0-1 (56)}) ({RR} 9. c3 a6 10. Na3 Qa5 11. Ne5 Ne4 12. Nxc6 bxc6 13. Nc2 Bf5 14. O-O c4 15. f3 Nd6 16. Nb4 Qb6 17. b3 a5 18. bxc4 axb4 19. c5 Qa7 20. cxd6 bxc3 21. dxe7 Qxe7 22. Bd3 Bxd3 23. Qxd3 Qxh4 {Madaminov,M (2258)-Degenbaev,A (2132) Tashkent 2021 0-1 (40)}) 9... Rb8 10. Nb5 Ra8 11. Nc7 e5 12. dxe5 Qxc7 13. exf6 Qa5+ 14. c3 Bxf6 15. O-O Qd8 16. Bg5 Be6 17. Qc2 Bxg5 18. Nxg5 Qf6 19. Rad1 Rad8 20. f4 Bf5 21. Bd3 Ne7 22. g3 Bxd3 23. Rxd3 Nf5 24. e4 dxe4 25. Nxe4 Qc6 26. Rxd8 Rxd8 27. Re1 Kg7 28. Qf2 b6 29. Re2 Rd1+ 30. Re1 Rd3 31. Qg2 c4 32. b3 Ne3 33. Qh1 Nc2 34. Rf1 Re3 35. Ng5 Qc5 36. b4 Qf5 37. Qg2 Qd3 38. Rf3 Qxc3 39. Rxe3 Nxe3 40. Qe2 Nf5 41. Ne4 Qxb4 42. Qd1 c3 43. Qc2 Nd4 44. Qf2 Qb1+ 0-1

[Event "45th FIDE Chess Olympiad - Women's Sect"]
[Site "Budapest, Hungary"]
[Date "2024.09.12"]
[Round "2.74"]
[White "Roy, Ali"]
[Black "Velikic, Adela"]
[Result "0-1"]
[WhiteElo "1961"]
[BlackElo "2260"]
[PlyCount "64"]
[EventDate "2024.??.??"]
[WhiteTeam "Scotland"]
[BlackTeam "Serbia"]
[WhiteTeamCountry "SCO"]
[BlackTeamCountry "SRB"]
[WhiteClock "0:00:44"]
[BlackClock "0:03:19"]

1. Nf3 d5 2. g3 Nf6 3. Bg2 c5 4. O-O e6 5. d3 Nc6 6. Nbd2 Be7 7. e4 O-O 8. e5 Nd7 9. Re1 b5 10. Qe2 a5 11. Nf1 ({RR} 11. h4 Bb7 12. Nf1 Qc7 13. Bf4 Rfc8 14. N1h2 Qd8 15. h5 h6 16. Ng4 Bf8 17. Qd2 Nd4 18. Nh4 b4 19. c3 Nc6 20. Nf3 a4 21. Rac1 a3 22. c4 axb2 23. Qxb2 Ne7 24. Nd2 Ra3 25. Nb3 Rca8 {Moussard,J (2601)-Van Foreest,J (2621) Chess.com INT 2019 0-1 (44)}) 11... a4 12. h4 ({RR} 12. a3 Bb7 13. h4 Qc7 14. Bf4 Rfc8 15. N1h2 b4 16. h5 h6 17. g4 Nd4 18. Nxd4 cxd4 19. Rec1 Nb8 20. axb4 Bxb4 21. Nf3 Nc6 22. g5 hxg5 23. Nxg5 Be7 24. Nf3 a3 25. bxa3 Rxa3 26. Rab1 Ra2 {Drygalov,A (2475)-Ivic,V (2567) chess.com INT 2024 0-1 (70)}) 12... a3 13. bxa3 $146 ({RR} 13. b3 b4 14. Bd2 Ba6 15. N1h2 Qb6 16. Ng4 c4 17. Bf1 cxd3 18. cxd3 Rac8 19. Rac1 Rc7 20. Rc2 Rfc8 21. Rec1 Nd8 22. Be3 Rxc2 23. Rxc2 Rxc2 24. Qxc2 Qc6 25. Qxc6 Nxc6 26. d4 Bxf1 27. Kxf1 h5 {Thorsson,O-Kiik,K (2390) Gausdal 1992 0-1 (55)}) ({RR} 13. N1h2 Qc7 14. bxa3 c4 15. d4 Bxa3 16. c3 Bxc1 17. Rexc1 b4 18. Ng5 h6 19. Ng4 hxg5 20. hxg5 Qd8 21. Qe3 bxc3 22. Nf6+ Nxf6 23. gxf6 gxf6 24. Qh6 fxe5 25. Be4 dxe4 26. Kg2 Ra7 27. Rh1 f5 {Lange,J (2101)-Acikel,M (2149) Germany 2022 0-1 (31)}) ({RR} 13. b3 c4 14. Bf4 Bb4 15. Bd2 Qa5 16. h5 h6 17. d4 Bxd2 18. N1xd2 Qc3 19. Qe3 Qxc2 20. Nh2 Nb4 21. Bf1 Qf5 22. g4 Qg5 23. f4 Qe7 24. Red1 Nc2 25. Qc3 Nxa1 26. Qxa1 Ba6 27. Qc3 b4 {Rizzo,T (1911)-Clawitter,C (2050) Chess.com INT 2022 0-1 (58)}) 13... Ra4 14. N1h2 Ba6 15. Bf4 Re8 16. h5 h6 17. Ng4 Bf8 18. Bf1 Rxa3 19. Qd2 Kh7 20. Kg2 Qa5 21. Qd1 Ra4 22. d4 Nxd4 23. Bd3+ Kh8 24. Qc1 Nxf3 25. Kxf3 c4 26. Bxh6 cxd3 27. Bxg7+ Bxg7 28. cxd3 Rc8 29. Qg5 Qd8 30. Nf6 Nxe5+ 31. Qxe5 Qxf6+ 32. Qxf6 Bxf6 0-1

[Event "45th FIDE Chess Olympiad - Women's Sect"]
[Site "Budapest, Hungary"]
[Date "2024.09.12"]
[Round "2.77"]
[White "Kanyamarala, Trisha"]
[Black "Pham, Le Thao Nguyen"]
[Result "0-1"]
[WhiteElo "2179"]
[BlackElo "2380"]
[PlyCount "70"]
[EventDate "2024.??.??"]
[WhiteTeam "Ireland"]
[BlackTeam "Vietnam"]
[WhiteTeamCountry "IRL"]
[BlackTeamCountry "VIE"]
[WhiteClock "0:00:45"]
[BlackClock "0:01:17"]

1. d4 Nf6 2. c4 e6 3. Nf3 Bb4+ 4. Bd2 Qe7 5. e3 Bxd2+ 6. Qxd2 d6 7. Nc3 O-O 8. Bd3 ({RR} 8. Rc1 b6 9. e4 e5 10. Bd3 Nc6 11. dxe5 Nxe5 12. Be2 Bb7 13. Nxe5 dxe5 14. Nd5 Bxd5 15. exd5 Ne4 16. Qc2 Qb4+ 17. Kf1 Nd6 18. a3 Qc5 19. b4 Qd4 20. g3 e4 21. Kg2 Qe5 22. Rhd1 f5 {Andreikin,D (2729)-Kovalev,V (2623) Chess.com INT 2022 1-0 (35)}) 8... e5 9. Bc2 Re8 $146 ({RR} 9... Bg4 10. O-O-O Nc6 11. h3 Bh5 12. g4 Bg6 13. g5 exd4 14. exd4 Nh5 15. Rde1 Qd7 16. d5 Nb4 17. Bxg6 fxg6 18. Re3 Rae8 19. a3 Rxe3 20. Qxe3 Re8 21. Qd2 Na6 22. Nd4 Nc5 23. b4 Ne4 24. Nxe4 {Mohammad Fahad,R (2437)-Murshed,N (2317) Dhaka BAN 2024 1-0 (38)}) ({RR} 9... Bg4 10. h3 Bxf3 11. gxf3 exd4 12. Qxd4 Nc6 13. Qh4 g6 14. O-O-O a6 15. f4 b5 16. f5 Ne5 17. Ne4 Kg7 18. c5 dxc5 19. f4 Nc4 20. Rd7 Qxd7 21. Qxf6+ Kg8 22. Qh4 f6 23. fxg6 Qg7 24. Rg1 {Gumularz,S (2593)-Bogdanov,E (2433) Krakow POL 2024 1-0 (36)}) ({RR} 9... c6 10. O-O Bg4 11. Ne1 Re8 12. f3 Be6 13. b3 exd4 14. exd4 c5 15. d5 Bd7 16. Nd3 Qe3+ 17. Qxe3 Rxe3 18. Kf2 Re8 19. g4 h6 20. Nf4 g5 21. Nfe2 Kf8 22. Ng3 Ke7 23. Rae1+ Kd8 24. Nce4 {Golis,W (2123)-Zielonka,A (1966) Prague CZE 2024 1-0 (34)}) 10. O-O Bg4 11. Ng5 c6 12. h3 h6 13. Nge4 Nxe4 14. Nxe4 Bf5 15. Ng3 Bxc2 16. Qxc2 exd4 17. exd4 Nd7 18. Nf5 Qf6 19. Rfe1 Nf8 20. Rad1 Rad8 21. Qd3 Ne6 22. g3 h5 23. Re3 Kf8 24. Kg2 g6 25. Nh4 Ng5 26. Rde1 Rxe3 27. Qxe3 b6 28. d5 cxd5 29. cxd5 Rc8 30. Re2 Rc5 31. Rd2 Qe7 32. Qa3 Qe4+ 33. f3 Qe1 34. Rf2 Rc1 35. Qxd6+ Kg7 0-1

[Event "45th FIDE Chess Olympiad - Women's Sect"]
[Site "Budapest, Hungary"]
[Date "2024.09.12"]
[Round "2.78"]
[White "Luong Phuong Hanh"]
[Black "O`Gorman, Alice"]
[Result "1-0"]
[WhiteElo "2225"]
[BlackElo "1996"]
[PlyCount "91"]
[EventDate "2024.??.??"]
[WhiteTeam "Vietnam"]
[BlackTeam "Ireland"]
[WhiteTeamCountry "VIE"]
[BlackTeamCountry "IRL"]
[WhiteClock "0:49:12"]
[BlackClock "0:29:06"]

1. d4 d5 2. Nf3 e6 3. Bf4 Nf6 4. e3 c5 5. c3 Nc6 6. Nbd2 Bd6 7. Bg3 O-O 8. Bd3 Re8 9. Ne5 cxd4 10. exd4 Qe7 $146 ({RR} 10... Qc7 11. f4 Qb6 12. Rb1 Bd7 13. Ndf3 h6 14. O-O Rad8 15. Qe2 a6 16. h3 Na7 17. Kh1 Bb5 18. Bxb5 Nxb5 19. Bh2 Be7 20. Ng4 Ne4 21. Nd2 Nbd6 22. Nxe4 Nxe4 23. Nf2 Nf6 24. Qf3 Bd6 25. Qd3 {Gruz,J (1951)-Babucs,I (1828) Hungary 2010 ½-½ (50)}) ({RR} 10... Bxe5 11. dxe5 Nd7 12. Qh5 g6 13. Qe2 Nc5 14. O-O Nxd3 15. Qxd3 Qb6 16. Rab1 Qa6 17. Qe3 Ne7 18. Bf4 Nf5 19. Qh3 Bd7 20. g4 Ng7 21. Bg5 Rec8 22. Rfe1 Bc6 23. Bf6 d4 {½-½ (23) Demidov,M (2513)-Riazantsev,A (2671) St Petersburg 2015}) ({RR} 10... Bxe5 11. dxe5 Nd7 12. h4 Ndxe5 13. Bxe5 Nxe5 14. Bxh7+ Kxh7 15. Qh5+ Kg8 16. Qxe5 f6 17. Qg3 e5 18. h5 Bf5 19. h6 g6 20. O-O-O Qd7 21. Nc4 Qa4 22. Ne3 Qe4 23. Nxf5 Qxf5 24. Rxd5 Rad8 25. Rhd1 {Atanasov,A (2384)-Khodabandeh,M (1936) chess.com INT 2024 1-0 (54)}) ({RR} 10... Qc7 11. Nxc6 bxc6 12. Qf3 e5 13. dxe5 Bxe5 14. O-O Bxg3 15. Qxg3 Qxg3 16. hxg3 Bg4 17. Rfe1 Rab8 18. Rxe8+ Rxe8 19. Kf1 c5 20. Re1 Rxe1+ 21. Kxe1 c4 22. Bc2 Nd7 23. Nf3 Bxf3 24. gxf3 Ne5 25. Ke2 {Cerulik,L-Wohlgenannt,B (1203) Skalica 2022 1-0 (38)}) ({RR} 10... Qc7 11. f4 Ne7 12. O-O Nf5 13. Bf2 g6 14. Qf3 Bf8 15. Qh3 Nh5 16. g3 Nfg7 17. Qg2 Bd7 18. Be1 Bc6 19. g4 Nf6 20. f5 Be7 21. g5 exf5 22. gxf6 Bxf6 23. Bg3 Qb6 24. Ndf3 Nh5 25. Kh1 {Csukerda,A (2006)-Bobak,S (1865) Hungary 2012 1-0 (58)}) 11. O-O Bc7 12. Qe2 Nxe5 13. dxe5 Nd7 14. Nf3 f6 15. exf6 Nxf6 16. Ne5 Rb8 17. Rfe1 Bd6 18. Bh4 Rf8 19. Qc2 Bxe5 20. Rxe5 h6 21. Rae1 Qf7 22. Bg6 Qd7 23. Qe2 b5 24. h3 b4 25. Bc2 bxc3 26. bxc3 Qb5 27. Qe3 Qc4 28. Qg3 Qxa2 29. Qg6 Ne4 30. Bxe4 dxe4 31. R5xe4 Qd2 32. Qg3 Rb3 33. Be7 Rf7 34. Bb4 Qd7 35. Qh4 Qc7 36. Rc4 Qd7 37. Rd4 Rxb4 38. cxb4 Qc7 39. Rc4 Qd7 40. Rec1 Bb7 41. Qd4 Qe7 42. Qxa7 Qg5 43. Qb8+ Kh7 44. Qg3 Qd2 45. Rc7 Kg8 46. Kh2 1-0

[Event "45th FIDE Chess Olympiad - Women's Sect"]
[Site "Budapest, Hungary"]
[Date "2024.09.12"]
[Round "2.82"]
[White "Verbin, Valentina"]
[Black "Hakimifard, Ghazal"]
[Result "1/2-1/2"]
[WhiteElo "2071"]
[BlackElo "2192"]
[PlyCount "77"]
[EventDate "2024.??.??"]
[WhiteTeam "Moldova"]
[BlackTeam "Switzerland"]
[WhiteTeamCountry "MDA"]
[BlackTeamCountry "SUI"]
[WhiteClock "0:02:25"]
[BlackClock "0:09:02"]

1. d4 Nf6 2. c4 e6 3. g3 d5 4. Nf3 Bb4+ 5. Bd2 Be7 6. Bg2 c6 7. Qc2 Nbd7 8. O-O O-O 9. b3 Ne4 10. Nc3 Nxd2 ({RR} 10... f5 11. e3 Nxd2 12. Qxd2 b6 13. Rfc1 Bb7 14. Rc2 Rc8 15. h4 h6 16. Ne2 g5 17. hxg5 hxg5 18. cxd5 cxd5 19. Rac1 Rxc2 20. Rxc2 Qb8 21. Nc1 Rc8 22. Nd3 Rxc2 23. Qxc2 Qc8 24. Qd2 Ba6 25. Nfe5 {Badelka,O (2386)-Pogonina,N (2402) Sochi RUS 2024 ½-½ (32)}) 11. Nxd2 ({RR} 11. Qxd2 Bb4 12. a3 Ba5 13. b4 Bc7 14. c5 f5 15. b5 Nf6 16. Qc2 Ne4 17. a4 Bd7 18. Rab1 Be8 19. e3 Qf6 20. Ne2 g5 21. Nd2 Bg6 22. bxc6 bxc6 23. Nxe4 fxe4 24. Rb7 Rf7 25. a5 Bh5 {Adly,A (2599)-Aronian,L (2785) Doha 2016 1-0 (40)}) 11... Bf6 $146 ({RR} 11... Nf6 12. Rad1 Re8 13. e4 Bb4 14. f4 Bxc3 15. Qxc3 dxe4 16. Nxe4 Nxe4 17. Bxe4 Qf6 18. Qe3 Bd7 19. Rf3 Rad8 20. Qf2 Qe7 21. Re1 Qf8 22. Rfe3 Bc8 23. R3e2 Rd6 24. d5 cxd5 25. cxd5 Red8 26. dxe6 {Liang,J (1738)-Subramaniam,M (1440) Sunningdale 2013 1-0 (83)}) ({RR} 11... e5 12. cxd5 exd4 13. Na4 Ne5 14. dxc6 Nxc6 15. Rac1 Nb4 16. Qb1 Nd5 17. Qe4 Nc3 18. Nxc3 dxc3 19. Nb1 Bf6 20. Nxc3 g6 21. Nd5 Bg7 22. Rfd1 Be6 23. Nc7 Rc8 24. Rxd8 Rfxd8 25. h4 Bb2 26. Rc5 {Genutis,M (2285)-Viskelis,D (2272) Lithuania 2018 1-0 (46)}) ({RR} 11... f5 12. e3 Nf6 13. Ne2 Bd6 14. Nf3 Qe7 15. Nf4 Bd7 16. Nd3 Be8 17. Nfe5 g5 18. c5 Bc7 19. b4 Nd7 20. f4 Nxe5 21. dxe5 Rf7 22. Rab1 h5 23. Ne1 h4 24. gxh4 gxf4 25. exf4 Qxh4 26. Rb3 {Stamenkovic,Z (2385)-Lempert,I (2505) Vrnjacka Banja 1996 1-0 (44)}) 12. Nf3 Qa5 13. e4 e5 14. exd5 exd4 15. Ne4 cxd5 16. cxd5 Qxd5 17. Rfd1 d3 18. Nxf6+ Nxf6 19. Rxd3 Bf5 20. Rxd5 Bxc2 21. Rb5 Be4 22. Ne5 Bxg2 23. Kxg2 Rfe8 24. Nc4 b6 25. a4 Ne4 26. a5 Nc3 27. Rf5 bxa5 28. Rfxa5 Rab8 29. Rxa7 Rxb3 30. Re1 Rbb8 31. Rxe8+ Rxe8 32. Nd6 Rf8 33. Ra5 g6 34. Kf3 Rd8 35. Rc5 Rxd6 36. Rxc3 Kg7 37. g4 h6 38. h4 Rd5 39. Rc6 1/2-1/2

[Event "45th FIDE Chess Olympiad - Women's Sect"]
[Site "Budapest, Hungary"]
[Date "2024.09.12"]
[Round "2.83"]
[White "Hryzlova, Sofiia"]
[Black "Mihailova, Alina"]
[Result "1-0"]
[WhiteElo "2188"]
[BlackElo "1969"]
[PlyCount "65"]
[EventDate "2024.??.??"]
[WhiteTeam "Switzerland"]
[BlackTeam "Moldova"]
[WhiteTeamCountry "SUI"]
[BlackTeamCountry "MDA"]
[WhiteClock "0:18:01"]
[BlackClock "0:00:35"]

1. d4 d5 2. c4 e6 3. Nc3 Nf6 4. cxd5 exd5 5. Bg5 Be7 6. e3 O-O 7. Bd3 Re8 8. Nge2 c6 9. O-O h6 10. Bh4 a5 ({RR} 10... Nh5 11. Bxe7 Qxe7 12. Rb1 a5 13. a3 Na6 14. Na4 Nf6 15. Nb6 Ra7 16. Qa4 Nc7 17. b4 Nd7 18. Nxc8 Rxc8 19. bxa5 Rca8 20. Qb3 Rb8 21. Qb4 Kf8 22. Rfc1 Na6 23. Qc3 Rba8 24. Bxa6 Rxa6 25. Rxb7 {Muradli,M (2555)-Tulchynskyi,F (2288) chess.com INT 2024 1-0 (53)}) 11. f3 b5 12. Rc1 ({RR} 12. Kh1 Nbd7 13. Rc1 Nb6 14. b3 Bb7 15. Bf2 b4 16. Nb1 Bd6 17. Nd2 Bf8 18. e4 dxe4 19. fxe4 c5 20. Bh4 g5 21. Bf2 Nxe4 22. Nxe4 Bxe4 23. Bxe4 Rxe4 24. Ng3 Re6 25. dxc5 Nd5 26. Qf3 Rf6 {Mamedyarov,S (2738)-Eljanov,P (2705) chess.com INT 2023 1-0 (42)}) 12... Nbd7 $146 ({RR} 12... Ba6 13. Bf2 Nbd7 14. Ng3 b4 15. Nce2 Bxd3 16. Qxd3 c5 17. dxc5 Bxc5 18. b3 Qb6 19. Nf5 g6 20. Nfd4 Rac8 21. Kh1 Ne5 22. Qd2 Qa6 23. Bg1 Bxd4 24. Rxc8 Rxc8 25. exd4 Qd3 26. Qd1 Qxd1 27. Rxd1 {Ebrahimi Herab,H (2302)-Schekachikhin,M (2366) Istanbul TUR 2023 ½-½ (37)}) 13. Bf2 Nb6 14. Ng3 Bd7 15. Kh1 Rc8 16. e4 dxe4 17. fxe4 b4 18. Nce2 Ng4 19. Bg1 Bg5 20. Nf4 Nf6 21. Rc5 Ra8 22. Qf3 Rf8 23. Nf5 Na4 24. Rc2 Bxf5 25. exf5 Bxf4 26. Qxf4 Nd5 27. Qc1 Rc8 28. Be4 Qd7 29. f6 Qd6 30. fxg7 Kxg7 31. h3 Nab6 32. Bf5 Rce8 33. Rxc6 1-0

[Event "45th FIDE Chess Olympiad - Women's Sect"]
[Site "Budapest, Hungary"]
[Date "2024.09.12"]
[Round "2.86"]
[White "Voicu-Jagodzinsky, Carmen"]
[Black "Ahmed, Walijah"]
[Result "1-0"]
[WhiteElo "2271"]
[BlackElo "1936"]
[PlyCount "43"]
[EventDate "2024.??.??"]
[WhiteTeam "Romania"]
[BlackTeam "Bangladesh"]
[WhiteTeamCountry "ROU"]
[BlackTeamCountry "BAN"]
[WhiteClock "0:37:31"]
[BlackClock "0:12:19"]

1. e4 c5 2. Nf3 e6 3. d4 cxd4 4. Nxd4 Nc6 5. Nc3 Qc7 6. Be3 a6 7. a3 b5 8. Nxc6 Qxc6 9. Bd3 Bb7 10. Qd2 ({RR} 10. f4 Bc5 11. Qe2 Rc8 12. g4 Ne7 13. f5 O-O 14. Rf1 f6 15. g5 exf5 16. Bxc5 Qxc5 17. gxf6 Rxf6 18. O-O-O f4 19. e5 f3 20. Qe1 Re6 21. Qh4 Ng6 22. Bxg6 Rxg6 23. Rxd7 Bc6 24. Rd8+ Rxd8 {Nepomniachtchi,I (2784)-Matlakov,M (2685) Chess.com INT 2020 1-0 (66)}) 10... Rc8 11. O-O Nf6 12. Rae1 $146 ({RR} 12. f3 Qc7 13. Kh1 Bd6 14. f4 b4 15. axb4 Bxb4 16. e5 Bxc3 17. bxc3 Ne4 18. Bxe4 Bxe4 19. Rxa6 Qxc3 20. Rd6 Qxc2 21. Rxd7 Bxg2+ 22. Kg1 Qxd2 {0-1 (22) Gavrilescu,D (2522)-Santos Latasa,J (2668) Katowice POL 2022}) ({RR} 12. Rfd1 b4 13. axb4 Bxb4 14. Bd4 Bc5 15. Bxc5 Qxc5 16. Bxa6 Bxa6 17. Rxa6 O-O 18. Qd4 d5 19. exd5 exd5 20. h3 h6 21. Qxc5 Rxc5 22. Rb6 Re8 23. f3 Rc4 24. Rd2 Re1+ 25. Kf2 Rc1 26. Ke3 Kh7 {Svane,F (2627)-Andreikin,D (2729) chess.com INT 2024 0-1 (62)}) 12... Be7 13. f4 Ng4 14. Bd4 Bc5 15. Bxc5 Qxc5+ 16. Kh1 d6 17. Be2 Nf6 18. e5 dxe5 19. fxe5 Nd7 20. Rxf7 Rd8 21. Rxg7 Qxe5 22. Qh6 1-0

[Event "45th FIDE Chess Olympiad - Women's Sect"]
[Site "Budapest, Hungary"]
[Date "2024.09.12"]
[Round "2.87"]
[White "Nusrat Jahan, Alo"]
[Black "Lehaci, Miruna-Daria"]
[Result "0-1"]
[WhiteElo "2033"]
[BlackElo "2180"]
[PlyCount "82"]
[EventDate "2024.??.??"]
[WhiteTeam "Bangladesh"]
[BlackTeam "Romania"]
[WhiteTeamCountry "BAN"]
[BlackTeamCountry "ROU"]
[WhiteClock "0:00:47"]
[BlackClock "0:05:23"]

1. e4 c5 2. c3 Nf6 3. e5 Nd5 4. Nf3 e6 5. d4 cxd4 6. cxd4 Nc6 7. Bc4 Nb6 8. Bb5 ({RR} 8. Bd3 Nb4 9. Bg5 Be7 10. Bxe7 Qxe7 11. Nc3 Nxd3+ 12. Qxd3 d5 13. a4 Bd7 14. a5 Nc8 15. O-O a6 16. Nd2 Qb4 17. Rfc1 Na7 18. Nd1 Bb5 19. Qc3 Qxc3 20. Nxc3 Ke7 21. f4 g6 22. Kf2 Rac8 {Parligras,M (2586)-Carlstedt,J (2322) Hamburg 2009 1-0 (68)}) 8... a6 ({RR} 8... d6 9. Nc3 Be7 10. O-O O-O 11. Bf4 d5 12. Rc1 f6 13. Bg3 Bd7 14. Re1 f5 15. h3 Qe8 16. Bf4 Qh5 17. Ng5 Qxd1 18. Rexd1 h6 19. Nf3 g5 20. Bd2 Rac8 21. g3 Rc7 22. Bxc6 Rxc6 23. Kg2 {Fernandez Garcia,G (2172)-Broca Jimenez,F (2075) chess.com INT 2023 0-1 (46)}) 9. Be2 Be7 $146 ({RR} 9... d6 10. O-O Qc7 11. Bf4 Nd5 12. Bg3 Be7 13. Nbd2 O-O 14. Rc1 f5 15. exd6 Bxd6 16. Be5 Qd8 17. Nc4 Nxe5 18. Nfxe5 Be7 19. Bf3 Bg5 20. Rc2 Rf6 21. Re1 Rh6 22. Nd3 b6 23. Bxd5 exd5 24. Nce5 {Kislova,A-Medianikova,N Tbilisi 1974 1-0 (52)}) 10. Nc3 d6 11. Be3 Nb4 12. O-O N4d5 13. Ne4 Nxe3 14. fxe3 d5 15. Ned2 Bd7 16. Qe1 Bb5 17. Bxb5+ axb5 18. Qe2 Nc4 19. a4 O-O 20. axb5 Nxb2 21. Nb3 Nc4 22. Rxa8 Qxa8 23. Ra1 Qe8 24. Nfd2 Qxb5 25. Rb1 Qa4 26. Ra1 Qb4 27. Rb1 Bg5 28. Nxc4 Qxc4 29. Kf2 Qc7 30. Nc5 b6 31. Na4 f6 32. Kg1 fxe5 33. h3 Qc6 34. Nb2 exd4 35. exd4 Bf6 36. Qe3 Qc2 37. Qxe6+ Kh8 38. Re1 Qxb2 39. Qf7 Qb4 40. Re8 Bxd4+ 41. Kh2 Bc5 0-1